ATLAS OF MULTIPLANE TRANSESOPHAGEAL ECHOCARDIOGRAPHY VOL-2 / (Record no. 796137)

MARC details
000 -LEADER
fixed length control field 00439pam a2200157 a 4500
020 ## - INTERNATIONAL STANDARD BOOK NUMBER
International Standard Book Number 1853172170
Terms of availability
041 ## - LANGUAGE CODE
Language code of text/sound track or separate title eng
082 ## - DEWEY DECIMAL CLASSIFICATION NUMBER
Classification number 616.1
Item number SUT/MAN
100 ## - MAIN ENTRY--PERSONAL NAME
Personal name SYTTEN, M .
245 ## - TITLE STATEMENT
Title ATLAS OF MULTIPLANE TRANSESOPHAGEAL ECHOCARDIOGRAPHY VOL-2 /
Statement of responsibility, etc. NULL.
Medium Textual Documents
260 ## - PUBLICATION, DISTRIBUTION, ETC.
Place of publication, distribution, etc. NULL :
Name of publisher, distributor, etc. MARTIN DUNITZ ,
Date of publication, distribution, etc. 2003.
300 ## - PHYSICAL DESCRIPTION
Extent 470-935 :
Other physical details X ;
Dimensions NULL .
650 ## - SUBJECT ADDED ENTRY--TOPICAL TERM
Topical term or geographic name entry element GEN.MEDICINE
700 ## - ADDED ENTRY--PERSONAL NAME
Personal name MANIET, A .
930 ## - EQUIVALENCE OR CROSS-REFERENCE-UNIFORM TITLE HEADING [LOCAL, CANADA]
Uniform title 1601
Holdings
Withdrawn status Lost status Damaged status Not for loan Collection Home library Current library Date acquired Source of acquisition Cost, normal purchase price Total Checkouts Full call number Barcode Date last seen Copy number Price effective from Koha item type
          Medical College & Hospital, Sangli Medical College & Hospital, Sangli 28/11/2011 12967.50   616.1 SUT/MAN MCS-4191 26/07/2023 1 26/07/2023 Book